<?xml version="1.0" encoding="UTF-8"?>
<record
    xmlns:xsi="http://www.w3.org/2001/XMLSchema-instance"
    xsi:schemaLocation="http://www.loc.gov/MARC21/slim http://www.loc.gov/standards/marcxml/schema/MARC21slim.xsd"
    xmlns="http://www.loc.gov/MARC21/slim">

  <leader>02722nab a2200217uuc4500</leader>
  <controlfield tag="001">1470076</controlfield>
  <controlfield tag="003">OSt</controlfield>
  <controlfield tag="005">20240614092817.0</controlfield>
  <controlfield tag="008">170731e20150905                    spa  </controlfield>
  <datafield tag="035" ind1=" " ind2=" ">
    <subfield code="a">1470076</subfield>
  </datafield>
  <datafield tag="040" ind1=" " ind2=" ">
    <subfield code="c">comduadb</subfield>
  </datafield>
  <datafield tag="041" ind1=" " ind2=" ">
    <subfield code="a">spa</subfield>
  </datafield>
  <datafield tag="100" ind1="1" ind2="0">
    <subfield code="a">Gonz&#xE1;lez Consuegra, Renata Virginia</subfield>
    <subfield code="4">aut</subfield>
    <subfield code="e">aut</subfield>
    <subfield code="9">487543</subfield>
  </datafield>
  <datafield tag="245" ind1="1" ind2="0">
    <subfield code="a">Enfermer&#xED;a UN: a un lustro del centenario</subfield>
  </datafield>
  <datafield tag="520" ind1="3" ind2=" ">
    <subfield code="a">INTRODUCCI&#xD3;N: El 22 de septiembre de 1867, mediante la Ley 66, fue oficialmente fundada la Universidad Nacional de los Estados Unidos de Colombia. &#xC9;sta constaba de seis facultades: Derecho, Medicina, Ciencias Naturales, Ingenier&#xED;a, Artes y Oficios, Literatura y Filosof&#xED;a. Entre 1903 y 1940 se crearon m&#xE1;s de 20 carreras, entre ellas Arquitectura, Enfermer&#xED;a, Farmacia, Ingenier&#xED;a Qu&#xED;mica, Medicina Veterinaria, Odontolog&#xED;a y Qu&#xED;mica. Los or&#xED;genes del Programa de Enfermer&#xED;a en la Universidad Nacional se remontan a 1897, cuando el Consejo Directivo propone realizar un curso para enfermeras manifestando la necesidad de la formaci&#xF3;n, el cual no tuvo &#xE9;xito. Posteriormente, el 22 de octubre de 1920, se promulg&#xF3; la Ley 39, que estableci&#xF3; la formaci&#xF3;n de Enfermeras y Comadronas en la Universidad Nacional de Colombia. La conmemoraci&#xF3;n del centenario de este acontecimiento se acerca... Como pionero en la construcci&#xF3;n de la disciplina en el pa&#xED;s, el Programa de Enfermer&#xED;a de la Universidad Nacional de Colombia ha suscitado retos acordes al momento hist&#xF3;rico por el que ha atravesado. Prueba de esto es la formaci&#xF3;n de enfermeras en salud p&#xFA;blica en el a&#xF1;o de 1930 ante la sentida necesidad por el auge de enfermedades infectocontagiosas que aquejaban a la poblaci&#xF3;n. Su historia ha tenido hechos importantes, como la creaci&#xF3;n de la Escuela Nacional de Enfermeras en 1943, en la cual se toma como premisa la importancia de la docencia y de la investigaci&#xF3;n. Bajo la Direcci&#xF3;n de Helen Howitt y posteriormente de Helen Murphy, la formaci&#xF3;n impartida en la Escuela ten&#xED;a influencias heredadas de Canad&#xE1; y Estados Unidos, marcadas por el origen de Helen Howitt, as&#xED; como de las organizaciones sanitarias, como el Servicio Cooperativo Interamericano (SCI), la Organizaci&#xF3;n Panamericana de la Salud (OPS), la Fundaci&#xF3;n Rockefeller (FR) y la Universidad Cat&#xF3;lica de Am&#xE9;rica (UCW), todas ellas de procedencia norteamericana.</subfield>
  </datafield>
  <datafield tag="650" ind1=" " ind2=" ">
    <subfield code="a">Universidad Nacional de Colombia (Sede Bogota). Facultad de Enfermeria</subfield>
    <subfield code="9">168293</subfield>
  </datafield>
  <datafield tag="650" ind1=" " ind2=" ">
    <subfield code="a">Facultades de Enfermeria</subfield>
    <subfield code="9">50577</subfield>
  </datafield>
  <datafield tag="650" ind1=" " ind2=" ">
    <subfield code="a">Historia de la enfermeria - Colombia</subfield>
    <subfield code="9">168295</subfield>
  </datafield>
  <datafield tag="773" ind1="0" ind2=" ">
    <subfield code="t">Avances en Enfermer&#xED;a (Bogot&#xE1;)</subfield>
    <subfield code="g">Volumen 33, N&#xFA;mero 03, Septiembre-Diciembre 2015, p&#xE1;ginas 420-427</subfield>
    <subfield code="w">322009</subfield>
    <subfield code="x">0121-4500</subfield>
    <subfield code="0">103386</subfield>
  </datafield>
  <datafield tag="942" ind1=" " ind2=" ">
    <subfield code="c">ARIMP</subfield>
    <subfield code="2">ddc</subfield>
  </datafield>
  <datafield tag="999" ind1=" " ind2=" ">
    <subfield code="c">760705</subfield>
    <subfield code="d">760705</subfield>
  </datafield>
</record>
